[Event "Russia - China Match"]
[Site "Ningbo CHN"]
[Date "2008.09.18"]
[EventDate "2008.09.19"]
[Round "1"]
[Result "1/2-1/2"]
[White "Huang Qian"]
[Black "Nadezhda Kosintseva"]
[WhiteElo "2275"]
[BlackElo "2496"]
[PlyCount "95"]

1. d4 Nf6 2. c4 e6 3. Nc3 Bb4 4. Qc2 O-O 5. a3 Bxc3+ 6. Qxc3
d6 7. g3 e5 8. dxe5 dxe5 9. Bg2 Nc6 10. Nf3 Nd4 11. Nxd4 exd4
12. Qd3 Re8 13. O-O c5 14. b4 Bg4 15. Re1 Qd7 16. Bb2 Bf5
17. Qb3 Bh3 18. Bh1 Ne4 19. Rad1 b6 20. e3 Qf5 21. f3 dxe3
22. Rxe3 Nf6 23. Bxf6 Qxf6 24. Bg2 Bxg2 25. Kxg2 h5 26. bxc5
bxc5 27. Rd5 h4 28. Qd3 h3+ 29. Kf2 Rab8 30. Rxe8+ Rxe8
31. Qc2 Qa1 32. Rd1 Qxa3 33. g4 Qe3+ 34. Kg3 g6 35. Qd2 Qe5+
36. Kxh3 Kg7 37. Kg2 Rb8 38. Re1 Qf6 39. Re2 Rb3 40. Qd5 a5
41. g5 Qd4 42. Qxd4+ cxd4 43. Ra2 Rc3 44. Rxa5 Rxc4 45. Kg3
Rc2 46. Rd5 Rd2 47. Rd8 Rd1 48. Kf4 1/2-1/2

[Event "Russia - China Match"]
[Site "Ningbo CHN"]
[Date "2008.09.19"]
[EventDate "2008.09.19"]
[Round "2"]
[Result "1-0"]
[White "Nadezhda Kosintseva"]
[Black "Zhao Xue"]
[WhiteElo "2496"]
[BlackElo "2440"]
[PlyCount "146"]

1. e4 e5 2. Nf3 Nc6 3. Bb5 a6 4. Ba4 Nf6 5. O-O Be7 6. Re1 b5
7. Bb3 O-O 8. h3 Bb7 9. d3 d6 10. a3 Nb8 11. Nbd2 Nbd7 12. Nf1
Re8 13. Ng3 Nc5 14. Ba2 Bf8 15. b4 Ne6 16. c3 c5 17. Ng5 d5
18. Nxe6 Rxe6 19. bxc5 Bxc5 20. d4 Bb6 21. Bg5 h6 22. exd5
Bxd5 23. Bxf6 Rxf6 24. Rxe5 Bxa2 25. Rxa2 Bc7 26. Re3 Bf4
27. Rf3 Bxg3 28. Rxg3 Rc8 29. a4 Rfc6 30. axb5 axb5 31. Qb3
Qc7 32. Ra3 Rb8 33. Qd5 b4 34. cxb4 Rc1+ 35. Kh2 Rxb4 36. Ra8+
Rb8 37. Rxb8+ Qxb8 38. Qe4 Rf1 39. d5 Qd6 40. Qe2 Rb1 41. Qe8+
Qf8 42. Qe5 Rb6 43. Qd4 Rd6 44. Rd3 Qe7 45. Qe3 Qd7 46. Qe4
Rb6 47. f4 g6 48. Qd4 Qd6 49. Rc3 Rb8 50. Qe5 Rd8 51. Rc8 Qf8
52. Rxd8 Qxd8 53. d6 Qd7 54. f5 gxf5 55. Qe7 Qa4 56. Qe5 Qc6
57. Qd4 Qd7 58. Kg3 Kh7 59. Qf6 Kg8 60. Qxh6 Qb5 61. Qd2 Qe5+
62. Kf3 Qe4+ 63. Kf2 Qh4+ 64. Kg1 Qd8 65. d7 Kg7 66. Qd6 f4
67. Qe5+ Kf8 68. Qh8+ Ke7 69. Qxd8+ Kxd8 70. Kf2 Kxd7 71. Kf3
Ke6 72. Kxf4 Kf6 73. g4 Kg7 1-0

[Event "Russia - China Match"]
[Site "Ningbo CHN"]
[Date "2008.09.20"]
[EventDate "2008.09.19"]
[Round "3"]
[Result "1/2-1/2"]
[White "Nadezhda Kosintseva"]
[Black "Ruan Lufei"]
[WhiteElo "2496"]
[BlackElo "2199"]
[PlyCount "86"]

1. e4 e5 2. Nf3 Nc6 3. Bb5 a6 4. Ba4 Nf6 5. O-O b5 6. Bb3 Bc5
7. c3 d6 8. d3 h6 9. Be3 O-O 10. Nbd2 Bxe3 11. fxe3 Na5
12. Bc2 c5 13. Qe1 Nc6 14. Nh4 Be6 15. Nf5 Bxf5 16. Rxf5 Ne7
17. Rf3 Ra7 18. Nf1 Ng6 19. Ng3 Nh4 20. Rf1 Rd7 21. a4 d5
22. exd5 Rxd5 23. axb5 axb5 24. Qe2 Re8 25. Rad1 Rd6 26. Bb3
Re7 27. c4 b4 28. Ne4 Nxe4 29. dxe4 Rxd1 30. Rxd1 Qa5 31. Qg4
Ng6 32. Qc8+ Kh7 33. h3 Qc7 34. Qg4 Re6 35. Ba4 Rd6 36. Rf1
Qe7 37. b3 Nh4 38. Rf2 Rg6 39. Qh5 Rg5 40. Qd1 Rg3 41. Qh5 Rg5
42. Qd1 Rg3 43. Qh5 Rg5 1/2-1/2

[Event "Russia - China (Women)"]
[Site "Sochi RUS"]
[Date "2009.08.15"]
[EventDate "2009.08.15"]
[Round "1"]
[Result "1-0"]
[White "Ju Wenjun"]
[Black "Nadezhda Kosintseva"]
[WhiteElo "2443"]
[BlackElo "2482"]
[PlyCount "127"]

1. Nf3 Nf6 2. g3 d5 3. Bg2 e6 4. O-O Be7 5. d4 O-O 6. c4 dxc4
7. Ne5 Nc6 8. Nxc6 bxc6 9. Na3 Bxa3 10. bxa3 Rb8 11. Qa4 Rb6
12. Qxa7 Ba6 13. Bf4 Nd5 14. Bxd5 Qxd5 15. Bxc7 Rb7 16. Qxa6
Rxc7 17. Rfc1 Qxd4 18. Qxc4 Qa7 19. Rc3 c5 20. Rd1 h6 21. Rcd3
Qa8 22. Rb1 Rfc8 23. Rb5 Qa6 24. Rc3 Qd6 25. a4 Qd1+ 26. Kg2
Qd5+ 27. f3 Qa8 28. a5 Qa6 29. a4 Qa8 30. Rd3 Qa7 31. Rd6 Rc6
32. Rb6 Rxb6 33. Rxb6 Qxa5 34. Rxe6 Qc7 35. Re3 Rd8 36. Rc3
Qe5 37. Rc2 Rd4 38. Qc3 Qd5 39. a5 Ra4 40. Rd2 Qa8 41. Qxc5
Qxa5 42. Qc8+ Kh7 43. Qc2+ Kg8 44. Rd7 Ra2 45. Qc4 Kh7
46. Rxf7 Qa6 47. Qe4+ Qg6 48. Qxg6+ Kxg6 49. Re7 Kf6 50. Re4
Rb2 51. g4 Ra2 52. h4 Rb2 53. Kg3 Rb1 54. Rf4+ Ke6 55. Rf5 Re1
56. e4 Re2 57. Ra5 Kf6 58. Ra6+ Kf7 59. Kf4 Rf2 60. Ra7+ Kf8
61. h5 Rf1 62. e5 Rf2 63. Ke4 Rf1 64. f4 1-0

[Event "Russia - China (Women)"]
[Site "Sochi RUS"]
[Date "2009.08.17"]
[EventDate "2009.08.15"]
[Round "3"]
[Result "1/2-1/2"]
[White "Yuhua Xu"]
[Black "Nadezhda Kosintseva"]
[WhiteElo "2485"]
[BlackElo "2482"]
[PlyCount "99"]

1. e4 c6 2. d4 d5 3. Nd2 dxe4 4. Nxe4 Bf5 5. Ng3 Bg6 6. h4 h6
7. Nf3 Nd7 8. h5 Bh7 9. Bd3 Bxd3 10. Qxd3 e6 11. Bd2 Ngf6
12. O-O-O Be7 13. Kb1 O-O 14. Ne4 Nxe4 15. Qxe4 Nf6 16. Qe2
Qd5 17. Ne5 Qe4 18. Qxe4 Nxe4 19. Be3 Rfd8 20. g4 Rac8 21. f3
Nf6 22. c4 Nd7 23. f4 Bd6 24. Nxd7 Rxd7 25. g5 Bf8 26. Rhg1
hxg5 27. fxg5 Re8 28. Kc2 b5 29. b3 a6 30. a4 Rb8 31. axb5
axb5 32. Ra1 bxc4 33. bxc4 Rdb7 34. Rgb1 Rxb1 35. Rxb1 Rxb1
36. Kxb1 g6 37. hxg6 fxg6 38. Kc2 Kf7 39. Kd3 Ke8 40. Ke4 Kd7
41. Bd2 Bd6 42. Bf4 Be7 43. Be3 Bd6 44. Kf3 Be7 45. Kg4 Bf8
46. Kf4 Bd6+ 47. Ke4 Bc7 48. Bf4 Bd8 49. Be3 Bc7 50. Bf4
1/2-1/2

[Event "Russia - China (Women)"]
[Site "Sochi RUS"]
[Date "2009.08.18"]
[EventDate "2009.08.15"]
[Round "4"]
[Result "1/2-1/2"]
[White "Nadezhda Kosintseva"]
[Black "Huang Qian"]
[WhiteElo "2482"]
[BlackElo "2424"]
[PlyCount "148"]

1. e4 c5 2. Nf3 d6 3. d4 cxd4 4. Nxd4 Nf6 5. Nc3 a6 6. Bg5 e6
7. f4 Qb6 8. Qd2 Nc6 9. Bxf6 gxf6 10. Nb3 Bd7 11. O-O-O O-O-O
12. Be2 h5 13. Rhf1 h4 14. Kb1 Be7 15. Rf3 Rdg8 16. Bf1 Kb8
17. Qe1 Rg4 18. a3 Qc7 19. Ne2 Qb6 20. Nbd4 Na5 21. h3 Rgg8
22. f5 Re8 23. Nb3 Bd8 24. Rfd3 Bc7 25. Nxa5 Qxa5 26. Qxa5
Bxa5 27. Rxd6 Bc8 28. fxe6 fxe6 29. Nc1 Bc7 30. R6d2 Rhf8
31. Be2 Rd8 32. Bg4 Rxd2 33. Rxd2 Bg3 34. Nb3 Kc7 35. Rd3 Be5
36. Nc5 Re8 37. Rd1 Bg3 38. Rf1 Be5 39. Nd3 Kd6 40. Rd1 Bg3
41. Kc1 Ke7 42. Kd2 Bc7 43. Ke2 Rd8 44. Bf3 Bd7 45. c4 Bc6
46. Nf2 Rxd1 47. Kxd1 Ba4+ 48. Kd2 Bf4+ 49. Kc3 Be5+ 50. Kb4
Bc2 51. b3 Bd4 52. Nd1 Kd6 53. c5+ Bxc5+ 54. Kc3 Bxd1 55. Bxd1
Bxa3 56. Bg4 Bc5 57. Kd3 b5 58. Bh5 Ke7 59. Bf3 a5 60. Kc2 a4
61. Be2 axb3+ 62. Kxb3 b4 63. Kc4 Bd6 64. Bg4 Kd7 65. Bd1 Bf8
66. Bc2 Ke8 67. Bd1 Bd6 68. Bg4 Kf7 69. Bh5+ Kg7 70. Bg4 e5
71. Bf5 Kh6 72. Bg4 Kg5 73. Bf5 Kf4 74. Kb3 Ke3 1/2-1/2

[Event "17th European Team Championship (Women)"]
[Site "Novi Sad SRB"]
[Date "2009.10.22"]
[EventDate "2009.10.22"]
[Round "1"]
[Result "1-0"]
[White "Nadezhda Kosintseva"]
[Black "Natalia Pares Vives"]
[WhiteElo "2493"]
[BlackElo "2282"]
[PlyCount "129"]

1. e4 Nf6 2. e5 Nd5 3. d4 d6 4. Nf3 dxe5 5. Nxe5 c6 6. Be2 Nd7
7. Nf3 g6 8. O-O Bg7 9. c4 Nc7 10. Nc3 O-O 11. Re1 b6 12. Be3
Bb7 13. Qd2 Re8 14. Rad1 Nf8 15. Bh6 e6 16. Bg5 f6 17. Bh6 Qe7
18. h3 Rad8 19. Bxg7 Qxg7 20. Qc2 Re7 21. Qa4 Ra8 22. Bd3 Ne8
23. Be4 c5 24. dxc5 bxc5 25. Qa3 Rc8 26. b3 Bxe4 27. Nxe4 Rec7
28. Nd6 Nxd6 29. Rxd6 Qe7 30. Red1 Rc6 31. R6d2 R6c7 32. Qc1
e5 33. Rd5 Ne6 34. Qe3 Nd4 35. Nxd4 exd4 36. Qxe7 Rxe7 37. Kf1
Kf7 38. Re1 Rc6 39. f4 Rxe1+ 40. Kxe1 Ke6 41. Kd2 a5 42. Kd3
Ke7 43. g4 h6 44. h4 Rc8 45. h5 g5 46. Ke4 Rd8 47. fxg5 fxg5
48. Rxc5 d3 49. Re5+ Kf6 50. Rf5+ Ke6 51. Rd5 Rf8 52. Kxd3
Rf3+ 53. Kc2 Rf4 54. Rxa5 Rxg4 55. Ra6+ Ke5 56. Rxh6 Rg2+
57. Kc3 Rxa2 58. Rh8 Rh2 59. h6 Rh3+ 60. Kb4 Kf6 61. h7 Rh5
62. Rf8+ Kg7 63. h8=Q+ Rxh8 64. Rxh8 Kxh8 65. c5 1-0

[Event "17th European Team Championship (Women)"]
[Site "Novi Sad SRB"]
[Date "2009.10.24"]
[EventDate "2009.10.22"]
[Round "3"]
[Result "0-1"]
[White "Laura Savola"]
[Black "Nadezhda Kosintseva"]
[WhiteElo "2090"]
[BlackElo "2493"]
[PlyCount "72"]

1. d4 Nf6 2. c4 e6 3. Nc3 d5 4. Nf3 Bb4 5. Qc2 dxc4 6. e3 b5
7. Nd2 a6 8. a4 c6 9. axb5 Bxc3 10. Qxc3 cxb5 11. Be2 Bb7
12. O-O O-O 13. b3 Nd5 14. Qc2 c3 15. Ne4 Nd7 16. Nd6 Qc7
17. Nxb7 Qxb7 18. e4 N5f6 19. Bd3 h6 20. f4 Rac8 21. e5 Nd5
22. Be4 f5 23. exf6 N7xf6 24. f5 Qb6 25. Rd1 Nxe4 26. Qxe4
Rxf5 27. Rd3 Rcf8 28. Be3 b4 29. Re1 Nf6 30. Qh4 Qb5 31. Rdd1
Qd5 32. Rd3 Qxb3 33. d5 exd5 34. Bxh6 Rh5 35. Qd4 Rxh6 36. Rg3
Qc4 0-1

[Event "17th European Team Championship (Women)"]
[Site "Novi Sad SRB"]
[Date "2009.10.25"]
[EventDate "2009.10.22"]
[Round "4"]
[Result "0-1"]
[White "Anita Gara"]
[Black "Nadezhda Kosintseva"]
[WhiteElo "2365"]
[BlackElo "2493"]
[PlyCount "144"]

1. e4 e5 2. Nf3 Nc6 3. Bc4 Bc5 4. O-O Nf6 5. d4 Bxd4 6. Nxd4
Nxd4 7. f4 d6 8. fxe5 dxe5 9. Bg5 Qe7 10. Na3 Bd7 11. Qe1 Ne6
12. Bxe6 Qxe6 13. Bxf6 gxf6 14. Qf2 Rg8 15. Qxf6 Qxf6 16. Rxf6
Rg6 17. Rf2 Bc6 18. Nc4 f6 19. Re1 b6 20. g3 h5 21. Rf3 Rd8
22. Rd3 h4 23. Kf2 Rd7 24. gxh4 Rg4 25. Rxd7 Kxd7 26. Nd2 Rxh4
27. Kg3 Rh7 28. Rf1 Ke6 29. h3 Rg7+ 30. Kf2 Rd7 31. Ke3 Rh7
32. Rf3 Rh4 33. Rg3 Kf7 34. a3 Bd7 35. Nf3 Rxh3 36. Rxh3 Bxh3
37. b4 Ke7 38. Nd2 Be6 39. c3 Kd6 40. Kd3 Kc6 41. c4 Kd6
42. Nf1 c5 43. b5 f5 44. exf5 Bxf5+ 45. Ke3 Ke6 46. Ng3 Kf6
47. Nf1 Kg5 48. Nd2 Bc2 49. Nf1 Kf5 50. Ng3+ Ke6 51. Nf1 Kd6
52. Nd2 Bf5 53. Kf3 Bc8 54. Ne4+ Ke6 55. Ke3 Bb7 56. Ng3 a6
57. a4 a5 58. Nf1 Ke7 59. Ng3 Kf6 60. Nf1 Bc8 61. Nd2 Bf5
62. Nf3 Bc2 63. Kd2 Bxa4 64. Ne1 e4 65. Ng2 Ke5 66. Kc3 Kf5
67. Kd2 Bb3 68. Ne3+ Kf4 69. Nd5+ Kf3 70. Nxb6 Kf2 71. Nd5
Bxc4 72. Ne3 Bxb5 0-1

[Event "17th European Team Championship (Women)"]
[Site "Novi Sad SRB"]
[Date "2009.10.28"]
[EventDate "2009.10.22"]
[Round "7"]
[Result "0-1"]
[White "Turkan Mamedjarova"]
[Black "Nadezhda Kosintseva"]
[WhiteElo "2233"]
[BlackElo "2493"]
[PlyCount "118"]

1. e4 c5 2. c3 d6 3. Bb5+ Bd7 4. Bxd7+ Qxd7 5. Ne2 Nf6 6. d3
g6 7. O-O Bg7 8. a4 Nc6 9. Na3 d5 10. Qc2 O-O 11. Rb1 Rfd8
12. Bf4 Rac8 13. h3 b6 14. Ng3 Ne8 15. Rbd1 Nc7 16. Rfe1 e5
17. Bg5 Re8 18. h4 Ne6 19. Bc1 Nf4 20. Ne2 Nh5 21. Ng3 Nf4
22. Ne2 Ne6 23. h5 f5 24. hxg6 hxg6 25. exf5 gxf5 26. Ng3 Qf7
27. Qe2 f4 28. Nf1 Nf8 29. Qf3 Ng6 30. Nh2 Re7 31. Qh3 Rce8
32. Qh5 Nf8 33. Qf3 Nd7 34. Nb5 Rf8 35. c4 Nf6 36. cxd5 Qxd5
37. Qh3 Qd7 38. Qh4 Kf7 39. Qh3 Rh8 40. Qxd7 Rxd7 41. Nf3 Nd5
42. Bd2 Re8 43. Na3 Ndb4 44. Bc3 Nxd3 45. Nc4 Rd5 46. Re4 Ke6
47. Kf1 Red8 48. Ke2 Nxf2 49. Ng5+ Kf5 50. Rxd5 Nxe4 51. Rxd8
Nxc3+ 52. bxc3 Nxd8 53. Nf3 Nf7 54. Nh4+ Ke6 55. Kf3 Bf6
56. Ng6 Kf5 57. Nf8 e4+ 58. Ke2 Bxc3 59. Nd7 Ke6 0-1

[Event "17th European Team Championship (Women)"]
[Site "Novi Sad SRB"]
[Date "2009.10.29"]
[EventDate "2009.10.22"]
[Round "8"]
[Result "1-0"]
[White "Nadezhda Kosintseva"]
[Black "Eva Kulovana"]
[WhiteElo "2493"]
[BlackElo "2287"]
[PlyCount "115"]

1. e4 e5 2. Nf3 Nf6 3. d4 Nxe4 4. dxe5 d5 5. Nbd2 Nxd2 6. Bxd2
Bg4 7. h3 Bh5 8. Bd3 Nc6 9. Bf4 Bc5 10. c3 Qd7 11. Qc2 Bg6
12. O-O O-O 13. Rad1 Ne7 14. c4 Qc6 15. cxd5 Nxd5 16. Bxg6
hxg6 17. Bc1 Nb4 18. Qb3 Be7 19. Bg5 Qe8 20. e6 f6 21. Bf4 c6
22. Rd7 Nd5 23. Qxb7 Qc8 24. Rxe7 Qxb7 25. Rxb7 Nxf4 26. Nd4
Rfe8 27. e7 Rac8 28. Rxa7 Nd5 29. Rc1 Rxe7 30. Rxe7 Nxe7
31. b4 Ra8 32. Nxc6 Nxc6 33. Rxc6 Rxa2 34. b5 Rb2 35. b6 g5
36. Rc8+ Kh7 37. Rb8 Kg6 38. g3 Rb1+ 39. Kg2 Rb3 40. Kf1 Rb2
41. Ke1 Kh7 42. f3 Rb3 43. Ke2 Kg6 44. g4 Kh7 45. Kd2 Rxf3
46. Kc2 Rf2+ 47. Kc3 Rf1 48. Rd8 Rb1 49. Rd6 Kg6 50. Kc4 Kf7
51. Kc5 Rc1+ 52. Kb5 Rb1+ 53. Kc6 Rc1+ 54. Kd7 g6 55. b7 Rb1
56. Kc7 Ke7 57. Rb6 Rc1+ 58. Rc6 1-0

[Event "Aeroflot Open"]
[Site "Moscow RUS"]
[Date "2010.02.09"]
[EventDate "2010.02.09"]
[Round "1"]
[Result "0-1"]
[White "Farrukh Amonatov"]
[Black "Nadezhda Kosintseva"]
[WhiteElo "2634"]
[BlackElo "2533"]
[PlyCount "72"]

1. e4 e5 2. Nf3 Nc6 3. d4 exd4 4. Nxd4 Bc5 5. Be3 Qf6 6. c3
Nge7 7. Bc4 Ne5 8. Bb3 Qg6 9. O-O d5 10. Bf4 Bg4 11. Qc2 f6
12. Ba4+ c6 13. Nd2 O-O 14. f3 Bd7 15. Rae1 Rfe8 16. Kh1 Rad8
17. Qb1 Qf7 18. Bc2 N5g6 19. Bc7 Rc8 20. Bg3 Bb6 21. exd5 cxd5
22. Bb3 Bxd4 23. cxd4 Nf5 24. Bf2 Nf4 25. g4 Rxe1 26. Rxe1 Nh3
27. gxf5 Nxf2+ 28. Kg2 Nh3 29. Kxh3 Qh5+ 30. Kg2 Qg5+ 31. Kh1
Qxd2 32. Qe4 Kh8 33. Qe7 Bc6 34. Qe6 Rg8 35. Rd1 Qxb2 36. Bxd5
Re8 0-1

[Event "European Individual Championships (Women)"]
[Site "Rijeka CRO"]
[Date "2010.03.08"]
[EventDate "2010.03.06"]
[Round "3"]
[Result "1/2-1/2"]
[White "Nadezhda Kosintseva"]
[Black "Eva Moser"]
[WhiteElo "2554"]
[BlackElo "2437"]
[PlyCount "70"]

1. e4 c5 2. Nf3 Nc6 3. Nc3 e5 4. Bc4 Be7 5. d3 d6 6. h3 Nf6
7. O-O O-O 8. a3 Rb8 9. Rb1 Nd4 10. b4 Nd7 11. Nd5 Nb6
12. Nxb6 Nxf3+ 13. Qxf3 axb6 14. Bd5 Be6 15. Bxe6 fxe6 16. Qg4
Qd7 17. c4 Rf6 18. Rb3 Rbf8 19. Be3 Rg6 20. Qh5 d5 21. bxc5 d4
22. Bd2 Bxc5 23. Qxe5 Rf3 24. Bb4 Bxb4 25. Rxb4 h6 26. Rxb6
Rxd3 27. Qb8+ Kh7 28. Rxb7 Qc6 29. Qa8 Rxg2+ 30. Kxg2 Qxe4+
31. Kg1 Qg6+ 32. Kh2 Rxh3+ 33. Kxh3 Qh5+ 34. Kg3 Qg5+ 35. Kf3
Qf5+ 1/2-1/2

[Event "60th Russian Women's Superfinal"]
[Site "Moscow RUS"]
[Date "2010.11.16"]
[EventDate "2010.11.16"]
[Round "1"]
[Result "0-1"]
[White "Vera Nebolsina"]
[Black "Nadezhda Kosintseva"]
[WhiteElo "2377"]
[BlackElo "2576"]
[PlyCount "52"]

1. d4 Nf6 2. c4 e6 3. Nc3 Bb4 4. a3 Bxc3+ 5. bxc3 O-O 6. f3 c5
7. e3 Nc6 8. Bd3 b6 9. Nh3 Ba6 10. O-O Na5 11. e4 Bxc4 12. Bg5
h6 13. Bh4 Qc7 14. Bxf6 gxf6 15. f4 Bxd3 16. Qxd3 cxd4
17. cxd4 Rac8 18. Qg3+ Kh7 19. Qh4 d6 20. f5 e5 21. Rf3 Rg8
22. Nf4 Qc4 23. Re1 Qxd4+ 24. Kh1 Qd2 25. Ne2 Rg4 26. Qf2 Rxe4
0-1

[Event "60th Russian Women's Superfinal"]
[Site "Moscow RUS"]
[Date "2010.11.18"]
[EventDate "2010.11.16"]
[Round "3"]
[Result "0-1"]
[White "Valentina Gunina"]
[Black "Nadezhda Kosintseva"]
[WhiteElo "2479"]
[BlackElo "2576"]
[PlyCount "74"]

1. d4 Nf6 2. Nf3 d5 3. c4 e6 4. Nc3 Bb4 5. Bg5 Nbd7 6. cxd5
exd5 7. e3 c5 8. Bd3 Qa5 9. Qc2 c4 10. Bf5 O-O 11. O-O Re8
12. Nd2 g6 13. Bxd7 Nxd7 14. Rae1 Nb6 15. f3 Bd7 16. Bh6 Bxc3
17. bxc3 Na4 18. Rc1 Re6 19. e4 Rae8 20. Bf4 f6 21. h4 b5
22. a3 Qd8 23. h5 Kf7 24. hxg6+ hxg6 25. Kf2 Bc6 26. Rh1 Rh8
27. Rce1 Ree8 28. exd5 Bxd5 29. Rxh8 Rxh8 30. Ne4 Kg7 31. Nd6
Qd7 32. Qd2 Bf7 33. d5 Nc5 34. Kg3 Nd3 35. Ne4 Qxd5 36. Nf2
Nxe1 37. Qxe1 Qh5 0-1

[Event "60th Russian Women's Superfinal"]
[Site "Moscow RUS"]
[Date "2010.11.19"]
[EventDate "2010.11.16"]
[Round "4"]
[Result "1/2-1/2"]
[White "Nadezhda Kosintseva"]
[Black "Olga Girya"]
[WhiteElo "2576"]
[BlackElo "2435"]
[PlyCount "101"]

1. e4 c6 2. d4 d5 3. e5 Bf5 4. Nd2 e6 5. Nb3 Nd7 6. Nf3 Bg6
7. Be2 Nh6 8. O-O Rc8 9. a4 Be7 10. a5 O-O 11. c3 f6 12. Bxh6
gxh6 13. Qd2 Kg7 14. Nc1 c5 15. Bb5 cxd4 16. Nxd4 Nc5 17. Ncb3
Bf7 18. Nxc5 Rxc5 19. b4 Rc7 20. Rae1 Qc8 21. f4 fxe5 22. Rxe5
Bf6 23. Re3 Kh8 24. Rfe1 Re7 25. Bf1 Rfe8 26. Nf3 Bg6 27. Ne5
Be4 28. Qd4 Qc7 29. Bd3 Bxe5 30. fxe5 Bxd3 31. Rxd3 Rg7
32. Qxa7 Reg8 33. Re2 Rg4 34. h3 Qc4 35. hxg4 Qxd3 36. Qe3
Qd1+ 37. Kh2 Rxg4 38. Qf3 Rg5 39. Qf8+ Rg8 40. Qf6+ Rg7
41. Qf3 Rg5 42. Qf6+ Rg7 43. Re3 Qg4 44. g3 h5 45. b5 Qc4
46. b6 Qa2+ 47. Kh3 Qxa5 48. Qf8+ Rg8 49. Qf6+ Rg7 50. Qd8+
Rg8 51. Qf6+ 1/2-1/2

[Event "60th Russian Women's Superfinal"]
[Site "Moscow RUS"]
[Date "2010.11.21"]
[EventDate "2010.11.16"]
[Round "6"]
[Result "0-1"]
[White "Nadezhda Kosintseva"]
[Black "Alisa Galliamova"]
[WhiteElo "2576"]
[BlackElo "2487"]
[PlyCount "72"]

1. e4 c5 2. Nf3 d6 3. d4 cxd4 4. Nxd4 Nf6 5. Nc3 e6 6. g4 h6
7. Be3 a6 8. f3 b5 9. Qd2 b4 10. Nce2 e5 11. Nb3 a5 12. c4 Be6
13. Ng3 a4 14. Nc1 Nc6 15. Nd3 Rb8 16. Rc1 h5 17. g5 h4
18. Nf5 g6 19. Nh6 Nh7 20. f4 Be7 21. Rg1 exf4 22. Bxf4 Nxg5
23. Bxg5 Bxg5 24. Rxg5 Rxh6 25. Rb5 Rh8 26. Nxb4 Ne5 27. Qe3
h3 28. Be2 Kf8 29. a3 Qh4+ 30. Qf2 Rc8 31. c5 Qxe4 32. c6 Kg7
33. c7 Bg4 34. Rc3 Rhe8 35. Kd2 Bxe2 36. Qxe2 Nc4+ 0-1

[Event "60th Russian Women's Superfinal"]
[Site "Moscow RUS"]
[Date "2010.11.23"]
[EventDate "2010.11.16"]
[Round "7"]
[Result "1-0"]
[White "Svetlana Matveeva"]
[Black "Nadezhda Kosintseva"]
[WhiteElo "2389"]
[BlackElo "2576"]
[PlyCount "95"]

1. d4 Nf6 2. c4 e6 3. Nc3 Bb4 4. Qc2 O-O 5. a3 Bxc3+ 6. Qxc3
d5 7. Nf3 dxc4 8. Qxc4 b6 9. Bg5 Ba6 10. Qa4 h6 11. Bxf6 Qxf6
12. g3 c5 13. Bg2 Bb7 14. O-O Rd8 15. dxc5 Qxb2 16. Rab1 Qf6
17. Rfc1 e5 18. cxb6 axb6 19. Qb5 Bxf3 20. Bxf3 Rxa3 21. Qxb6
Nd7 22. Qc7 Nf8 23. Rb8 Rxb8 24. Qxb8 Qe7 25. Bd5 Ra7 26. Rc8
Rd7 27. e4 g5 28. Re8 Qd6 29. Qc8 Ra7 30. h4 Kg7 31. hxg5 hxg5
32. Qf5 f6 33. Kg2 Re7 34. Rc8 Rc7 35. Ra8 Qe7 36. Ra6 Rd7
37. Rb6 Rd6 38. Rb8 Rd8 39. Rb7 Rd7 40. Rb1 Rd8 41. Qh3 Rxd5
42. exd5 Qd6 43. Rd1 Kf7 44. Qc8 Ke7 45. Qb7+ Ke8 46. Ra1 Nd7
47. Ra6 Qc5 48. Re6+ 1-0

[Event "60th Russian Women's Superfinal"]
[Site "Moscow RUS"]
[Date "2010.11.24"]
[EventDate "2010.11.16"]
[Round "8"]
[Result "0-1"]
[White "Nadezhda Kosintseva"]
[Black "Anastasia Bodnaruk"]
[WhiteElo "2576"]
[BlackElo "2407"]
[PlyCount "130"]

1. e4 c5 2. Nf3 d6 3. d4 cxd4 4. Nxd4 Nf6 5. Nc3 a6 6. Bg5
Nbd7 7. Qe2 h6 8. Bh4 e5 9. Nf5 g6 10. Ne3 Be7 11. O-O-O b5
12. f3 Bb7 13. a3 Rc8 14. Be1 Nc5 15. Kb1 Ne6 16. h4 Nd4
17. Qd2 Qd7 18. Ne2 Ne6 19. g3 Qc7 20. Nd5 Bxd5 21. exd5 Nc5
22. Nc3 Kf8 23. Bg2 Kg7 24. f4 Ncd7 25. Bf2 Ng4 26. Bg1 h5
27. Bh3 f5 28. Bxg4 hxg4 29. fxe5 Nxe5 30. Bd4 Bf6 31. Qf4 Rh5
32. Rhf1 Qc4 33. Rf2 Rf8 34. b3 Qc8 35. Ne2 Rhh8 36. Qc1 Nf3
37. Bxf6+ Rxf6 38. Nf4 Re8 39. Re2 Rxe2 40. Nxe2 Rf7 41. Nf4
Qc3 42. Rd3 Qf6 43. Re3 Re7 44. Ne6+ Kh7 45. Qd1 Kh6 46. Qe2
Re8 47. Rd3 Qe5 48. Qf2 Qe1+ 49. Qxe1 Nxe1 50. Rc3 Nf3 51. Rc7
g5 52. hxg5+ Nxg5 53. Rd7 Nxe6 54. Rxd6 f4 55. gxf4 g3
56. dxe6 g2 57. Rd1 Rxe6 58. Kb2 Kg6 59. c4 bxc4 60. bxc4 Kf5
61. Kc3 Kxf4 62. c5 Re4 63. Kd3 Kf3 64. Rc1 Rg4 65. Rg1 Kf2
0-1

[Event "Tradewise Gibraltar"]
[Site "Catalan Bay GIB"]
[Date "2011.01.30"]
[EventDate "2011.01.25"]
[Round "6"]
[Result "1/2-1/2"]
[White "Nadezhda Kosintseva"]
[Black "Geetha Narayanan Gopal"]
[WhiteElo "2552"]
[BlackElo "2597"]
[PlyCount "62"]

1. e4 e5 2. Nf3 Nc6 3. Bb5 a6 4. Ba4 Nge7 5. Bb3 d5 6. exd5
Nxd5 7. O-O Be7 8. Re1 O-O 9. Nxe5 Nxe5 10. Rxe5 c6 11. d4 Bd6
12. Re1 Qh4 13. g3 Qh3 14. Nc3 Nf6 15. Qf3 Bg4 16. Qd3 Bf5
17. Qf1 Qh5 18. f3 Qg6 19. Qf2 Rae8 20. Be3 b5 21. Rac1 h5
22. Ne2 Nd5 23. Bxd5 cxd5 24. c3 Re6 25. Nf4 Bxf4 26. Bxf4
Rfe8 27. Re5 f6 28. Rxe6 Rxe6 29. Re1 Qe8 30. Rxe6 Qxe6 31. h4
Kf7 1/2-1/2

[Event "FIDE Women's World Team Championship"]
[Site "Mardin TUR"]
[Date "2011.12.26"]
[EventDate "2011.12.18"]
[Round "8"]
[Result "0-1"]
[White "Cecile Henriette van der Merwe"]
[Black "Nadezhda Kosintseva"]
[WhiteElo "2057"]
[BlackElo "2546"]
[PlyCount "84"]

1. e4 c5 2. Nc3 Nc6 3. f4 g6 4. Nf3 Bg7 5. Bb5 Nd4 6. O-O Nxb5
7. Nxb5 d6 8. d3 Nf6 9. Qe1 Bd7 10. Nc3 Bc6 11. Kh1 Qd7
12. Rb1 b5 13. Ne2 O-O 14. Qh4 e6 15. Ng5 h6 16. Nh3 Nh7
17. f5 g5 18. Bxg5 exf5 19. Bxh6 Bxh6 20. Qxh6 fxe4 21. Ng5 f6
22. Qg6+ Kh8 23. Nxh7 Qxh7 24. Rxf6 Qxg6 25. Rxg6 Rf2 26. Nc3
e3 27. Kg1 Rxc2 28. Ne4 c4 29. Nxd6 cxd3 30. Rg3 Rf2 31. Rh3+
Kg7 32. Rg3+ Kf8 33. Rxe3 Rxg2+ 34. Kf1 Rxh2 35. Rbe1 d2
36. Rd1 Rd8 37. Rd3 Rh1+ 38. Ke2 Rh2+ 39. Kf1 Bg2+ 40. Kg1
Rh1+ 41. Kxg2 Rxd1 42. Kf2 Rh1 0-1

[Event "Russian Women's Superfinals"]
[Site "Moscow RUS"]
[Date "2012.08.03"]
[EventDate "2012.08.03"]
[Round "1"]
[Result "1/2-1/2"]
[White "Olga Girya"]
[Black "Nadezhda Kosintseva"]
[WhiteElo "2433"]
[BlackElo "2524"]
[PlyCount "127"]

1. d4 Nf6 2. c4 e6 3. Nc3 Bb4 4. e3 O-O 5. Nge2 Re8 6. a3 Bf8
7. d5 d6 8. dxe6 Bxe6 9. Nf4 Bd7 10. Be2 Nc6 11. O-O Ne5
12. b3 c6 13. Bb2 a6 14. Qc2 b5 15. Rfd1 Qb6 16. Rab1 Rab8
17. Ba1 g6 18. cxb5 axb5 19. e4 Qa7 20. Bb2 Nfg4 21. Rf1 Bh6
22. Nd3 Be6 23. Nxe5 Nxe5 24. Qd1 Bf8 25. Na2 c5 26. Nc3 b4
27. axb4 Rxb4 28. Nd5 Bxd5 29. Qxd5 Qb7 30. Qxb7 Rxb7 31. Bxe5
Rxe5 32. Bc4 Ra7 33. Bd5 Ree7 34. b4 cxb4 35. Rxb4 Rec7
36. Rfb1 Be7 37. Rb6 Kg7 38. g3 Rc2 39. Rb7 Rc7 40. R7b6 Rc2
41. R1b3 Rd7 42. Rb7 Rcc7 43. Rxc7 Rxc7 44. Rb6 Rd7 45. Kg2
Bf6 46. f4 h5 47. Kf3 Bd4 48. Rc6 Kf8 49. h3 Bf6 50. Bc4 Ke7
51. Rc8 Ra7 52. g4 hxg4+ 53. hxg4 Bd4 54. Bd5 Ra3+ 55. Kg2 Rc3
56. Rb8 f6 57. Rb7+ Kd8 58. Rg7 Rc2+ 59. Kf3 Rc3+ 60. Ke2 Re3+
61. Kd2 Rf3 62. Rxg6 Rxf4 63. Kd3 Be5 64. Rg7 1/2-1/2